| 000 | 00539nam a2200217Ia 4500 | ||
|---|---|---|---|
| 003 | OSt | ||
| 005 | 20221002055038.0 | ||
| 006 | a|||||r|||| 00| 0 | ||
| 007 | ta | ||
| 008 | 220930b |||||||| |||| 00| 0 ara d | ||
| 024 | _a71658 | ||
| 037 | _cReference Collections | ||
| 040 |
_aCRL _cCRL _bara |
||
| 041 |
_2ara _aara |
||
| 082 | _aQ7, 28J9(RR) | ||
| 245 | 0 | _aAl-fareed fi al-mustalhat al-hadisiya | |
| 260 | _c1959 | ||
| 650 | _aISLAM | ||
| 942 |
_hQ7, 28J9(RR) _cref _2CC |
||
| 999 |
_c926589 _d926589 |
||